對你親切, 不代表我好欺負 : (Record no. 7696)

MARC details
000 -LEADER
fixed length control field 01309cam a2200349 4500
001 - CONTROL NUMBER
control field .b43271200
003 - CONTROL NUMBER IDENTIFIER
control field YEEZEN
005 - DATE AND TIME OF LATEST TRANSACTION
control field 20260310145000.0
008 - FIXED-LENGTH DATA ELEMENTS--GENERAL INFORMATION
fixed length control field 251118s2025 ch g b 000 0 chi d
020 ## - INTERNATIONAL STANDARD BOOK NUMBER
International Standard Book Number 9786264330633
Qualifying information (平裝) :
Terms of availability NT$380
040 ## - CATALOGING SOURCE
Original cataloging agency NTUST
Language of cataloging chi
Transcribing agency NTUST
Description conventions CCR
041 1# - LANGUAGE CODE
Language code of text/sound track or separate title chi
Language code of original kor
042 ## - AUTHENTICATION CODE
Authentication code nbic
090 ## - LOCALLY ASSIGNED LC-TYPE CALL NUMBER (OCLC); LOCAL CALL NUMBER (RLIN)
Classification number (OCLC) (R) ; Classification number, CALL (RLIN) (NR) 177.1
Local cutter number (OCLC) ; Book number/undivided call number, CALL (RLIN) 464.3
100 1# - MAIN ENTRY--PERSONAL NAME
Personal name 鄭文正
240 10 - UNIFORM TITLE
Uniform title 다정하지만 만만하지 않습니다
Language of a work 中文
245 10 - TITLE STATEMENT
Title 對你親切, 不代表我好欺負 :
Remainder of title 學會精準表達 讓真心不被誤解的31個提案 /
Statement of responsibility, etc. 鄭文正著 ; 陳品芳譯
246 1# - VARYING FORM OF TITLE
Title proper/short title 學會精準表達, 讓心意不被誤解的31個提案
246 10 - VARYING FORM OF TITLE
Title proper/short title 學會精準表達 讓真心不被誤解的31個提案
250 ## - EDITION STATEMENT
Edition statement 初版
260 ## - PUBLICATION, DISTRIBUTION, ETC.
Place of publication, distribution, etc. 臺北市 :
Name of publisher, distributor, etc. 大塊文化出版 ;
Place of publication, distribution, etc. 新北市新莊區 :
Name of publisher, distributor, etc. 大和總經銷,
Date of publication, distribution, etc. 2025.10
300 ## - PHYSICAL DESCRIPTION
Extent 224面 ;
Dimensions 21公分
490 1# - SERIES STATEMENT
Series statement Catch ;
Volume/sequential designation 317.
500 ## - GENERAL NOTE
General note 附錄 : 1. 演講文1 微笑面對無禮之人的方法 ; 2. 演講文2 沒錢沒勢的人如果想往更好的地方發展
504 ## - BIBLIOGRAPHY, ETC. NOTE
Bibliography, etc. note 參考書目 : 面223-224.
650 #7 - SUBJECT ADDED ENTRY--TOPICAL TERM
Topical term or geographic name entry element 人際傳播
Source of heading or term lcstt.
650 #7 - SUBJECT ADDED ENTRY--TOPICAL TERM
Topical term or geographic name entry element 溝通技巧
Source of heading or term lcstt.
650 #7 - SUBJECT ADDED ENTRY--TOPICAL TERM
Topical term or geographic name entry element 說話藝術
Source of heading or term lcstt.
700 1# - ADDED ENTRY--PERSONAL NAME
Personal name 陳品芳
765 0# - ORIGINAL LANGUAGE ENTRY
Title 다정하지만 만만하지 않습니다
942 ## - ADDED ENTRY ELEMENTS (KOHA)
Source of classification or shelving scheme 中文圖書分類法
Koha item type 一般圖書
Holdings
撤銷狀態 遺失狀態 分類號來源 損壞狀態 不外借 永久館藏地 現在館藏地 書架位置 採購日期 全部借出 完整索書號 條碼號 還書日 最後一次日期記錄 Date last checked out 複本號 一般價格有效日期 Koha館藏類型 公開資訊
未註銷館藏 未遺失 中文圖書分類法 未損毀 可外借 怡仁綜合醫院圖書館 怡仁綜合醫院圖書館   2026-03-10 3 177.1 C03279 2026-04-27 2026-04-13 2026-04-13 177.1 2026-03-10 一般圖書 ★暢銷書《微笑回應無禮之人》實戰篇 ★收錄250萬次觀看超人氣話題演講 ★提供31種無往不利溝通法 ★首度公開:每邀必成「邀請信」範本 越想說清楚,反而更容易被誤解? 這不是一本教你變犀利的書, 而是讓你以格調換來真正的傾聽。
怡仁醫院| 地址:32643桃園市楊梅區楊新北路321巷30號 | 服務專線:03-4855566 | 電子郵件信箱:
Copyright © 1996 CHC Hospital